MARC

LEADER 00000nam0a2200000 4500
001 144795
005 20231031143818.0
010 |a 3527406344 
035 |a (RuTPU)RU\TPU\book\156929 
090 |a 144795 
100 |a 20081008d2006 k y0engy50 ba 
101 0 |a eng 
102 |a DE 
105 |a a z 001zy 
200 1 |a Plasma Cathode Electron Sources. Physics, Technology, Applications  |f E. Oks 
210 |a Weinheim  |c Wiley-VCH Verlag GmbH &Co. KGaA  |d 2006 
215 |a 171 p.  |c il. 
320 |a References at the end of chapters. 
320 |a Subject Index: p. 169-171. 
610 1 |a плазма 
610 1 |a плазменные ускорители 
610 1 |a физика 
610 1 |a источники электронов 
610 1 |a применение 
610 1 |a технологии 
610 1 |a английский язык 
675 |a 621.384.647  |v 3 
700 1 |a Oks  |b E.  |g Efim 
801 1 |a RU  |b 63413507  |c 20081008  |g PSBO 
801 2 |a RU  |b 63413507  |c 20081016  |g PSBO 
942 |c BK